Responses for Show #6475 - Friday, November 9, 2012

2012-B Teachers Tournament quarterfinal game 3.

Contestants

[<< previous game]

Marion Penning, a high school science and history teacher from Baltimore, Maryland

Chris Pae, a high school history teacher from Suwanee, Georgia

Robin Cheney, a middle school teacher from Rancho Santa Margarita, California

[next game >>]

Jeopardy! Round responses

TAKING A "TEN" DANCE
BOOK OF THE CENTURY
COLOR MY WORLD
CIVICS
NETWORK INITIALS
THE CULTURE OF VIETNAM
(Kelly: A land forged by war and rebellion, emerging today as a blend of ancient tradition, and modern success.)
    $200 1
tenderizer

Robin
    $200 6
Poor Richard

Robin
    $200 11
green card

Marion
    $200 16
Speaker of the House

Chris
    $200 17
Arts & Entertainment

Chris
    $200 26
feng shui

Robin
    $400 2
a tenement

Chris
    $400 7
Order of the Phoenix

Robin
    $400 12
the Red Cross

Robin
    $400 22
secession

Chris
    $400 18
Home and Garden Television

Chris
    $400 27
the king or queen

Triple Stumper
    $600 3
a tendency

Marion
    $600 8
Shirley MacLaine

Triple Stumper
    $600 13
blue

Robin
    $600 23
the Electoral College

Marion
    $600 19
(Robin: What is Central Broadcasting System?)

Columbia Broadcasting System

Robin
Triple Stumper
    $600 28
tai chi

Chris
    $800 4
tenth

Chris
    $800 9
Molière

Robin
    $800 14
black

Marion
    $800 24
executive privilege

Robin
    $800 20
Independent Film Channel

Robin
    $800 29
the afterlife

Triple Stumper
    $1000 5
(Robin: What is a tenet?)

tenable

Robin
Triple Stumper
    $1000 10
(Robin: What is The Age of Innocence?)
...
(Alex: Not Edith Wharton.)

The Gilded Age

Robin
Triple Stumper
    $1000 15
yellow

Robin
    $1,400 25
(Robin: What is two-thirds?)

three-quarters

Robin
    $1000 21
Great American Country

Triple Stumper
    $1000 30
a full moon

Marion

Scores at the first commercial break (after clue 15):

Robin Chris Marion
$1,600 $1,200 $1,600

Scores at the end of the Jeopardy! Round:

Robin Chris Marion
$1,400 $3,000 $3,200

Double Jeopardy! Round responses

TEACHERS IN THE MOVIES
THE AMERICAN REVOLUTION
STARTS WITH A FARM ANIMAL
(Alex: For example, if I read the clue "As a coloring agent", your response would be "What is pigment?")
WORLD CITIES
REMEMBER BOOKSTORES?
ELEMENTAL SYMBOLS
(Alex: And we want an element as a response. I'll give you an example. If I said "The abbreviation for 'company'", your brain would work and say "Oh, the abbreviation for 'company' is Co., Co is the symbol for cobalt." We want the element as your response.)
    $400 1
Good Will Hunting

Chris
    $400 15
(Chris: Who is LaSalle?)

(Marquis de) Lafayette

RobinChris
    $400 25
(Alex: Cow--[*].)

to cower

Robin
    $400 2
Baghdad

Marion
    $400 10
browse

Marion
    $400 9
(Alex: [*]--Ra--yes.)

radium

Robin
    $800 4
Robin Williams

Robin
    $800 16
John Paul Jones

Chris
    $800 26
steerage

Robin
    $800 3
(Chris: What is Geneva?)

Zurich

RobinChris
    $800 11
(Alex: Small bookstores like to have [*] around--bring good luck.)

cats

Triple Stumper
    $800 19
(Alex: [*]--He--yes.)

helium

Marion
    $1200 5
Justin Timberlake

Chris
    $1200 17
Common Sense

Robin
    $1200 27
henna

Robin
    $1200 6
Saskatoon

Marion
    $2,000 12
Murder

Marion
    $1200 20
(Robin: What is I don't remember what No stands for?)

nobelium

RobinMarion
    $1600 14
Goodbye, Mr. Chips

Robin
    $1600 23
the Charles

Marion
    $1600 28
(Alex: [*]--the animal is bull. Yes.)

bulletproof

Marion
    $1600 7
Pyongyang (North Korea)

Chris
    $1600 13
remainders

Robin
    $3,000 21
(Alex: [*]--Au--coq au vin. Au for [*]--right.)

gold

Marion
    $2000 30
Fast Times at Ridgemont High

Robin
    $2000 24
Committees of Correspondence

Robin
    $2000 29
lambaste

Triple Stumper
    $2000 8
Karachi

Marion
    $2000 18
Borders

Marion
    $2000 22
(Alex: [*]--Po--the river Po.)

polonium

Chris

Scores at the end of the Double Jeopardy! Round:

Robin Chris Marion
$13,400 $7,800 $19,400

Final Jeopardy! Round responses

DISASTERS
(Alex: I think the ice one is kind of easy, but the other one, it helps if you can do the math.)
ChrisWhat is the Titanic & Triangle Shirtw
$7,401
RobinWhat is the Chicago Fire and the Titanic
$12,000
MarionWhat the Titanic sinking and the Hindenberg
$7,401
the Titanic sinking & the Hindenburg

Final scores:

Robin Chris Marion
$1,400 $399 $26,801
2nd place: $5,000 if eliminated 3rd place: $5,000 if eliminated Automatic semifinalist

Game dynamics:

Coryat scores:

Robin Chris Marion
$14,800 $7,800 $17,200
22 R,
5 W
(including 1 DD)
12 R,
2 W
16 R
(including 2 DDs),
0 W

Combined Coryat: $39,800

[game clues] [game scores] [suggest correction]

Game tape date: 2012-10-01
The J! Archive is created by fans, for fans. Scraping, republication, monetization, and malicious use prohibited; this site may use cookies and collect identifying information. See terms. The Jeopardy! game show and all elements thereof, including but not limited to copyright and trademark thereto, are the property of Jeopardy Productions, Inc. and are protected under law. This website is not affiliated with, sponsored by, or operated by Jeopardy Productions, Inc. Join the discussion at JBoard.tv.